Cesta slovenského roľníctva k socializmu

Saved in:
Bibliographic Details
Main Author: Falťan, Michal
Format: Book
Language:Slovak
Published: Bratislava Slovenské vydavateľstvo politickej literatúry 1954
Subjects:
Tags: Add Tag
No Tags, Be the first to tag this record!

MARC

LEADER 00000nam a2200000 4500
001 c100009
005 20221123135139.4
041 0 |a slo 
044 |a SK 
245 1 0 |a Cesta slovenského roľníctva k socializmu  |c Michal Falťan 
264 1 |a Bratislava  |b Slovenské vydavateľstvo politickej literatúry  |c 1954 
300 |a 156 s. 
610 2 0 |a roľníci 
610 2 0 |a poľnohospodárstvo 
610 2 0 |a dejiny hospodárske 
610 2 0 |a robotníci 
610 2 0 |a JRD 
100 1 |a Falťan, Michal